000
00223nam a2200097Ia 4500
008
190216s9999||||xx |||||||||||||| ||und||
100
_a
Null
245
0
_a
Hindi-Kavya Tharang
260
_b
University Of Calicut
942
_c
BK
999
_c
17753
_d
17753